|
|
|
|
| LEADER |
02795nam a2200385 4500 |
| 001 |
44744 |
| 003 |
BD-DhAAL |
| 005 |
20251207170936.0 |
| 008 |
740326s1974 nyua b 001 0 eng |
| 010 |
|
|
|a 73018948
|
| 020 |
|
|
|a 9780122695605 (hardcover)
|
| 020 |
|
|
|a 0122695607 (hardcover)
|
| 035 |
|
|
|a 307611
|
| 040 |
|
|
|a DLC
|c DLC
|d DLC
|d BD-DhAAL
|
| 050 |
0 |
0 |
|a Q327
|b .F82
|
| 082 |
1 |
4 |
|a 001.534
|2 23
|
| 100 |
1 |
|
|a Fu, K. S.
|q (King Sun),
|d 1930-1985.
|9 59279
|
| 245 |
1 |
0 |
|a Syntactic methods in pattern recognition /
|c K. S. Fu.
|
| 260 |
|
|
|a New York ;
|a London :
|b Academic Press,
|c c1974.
|
| 300 |
|
|
|a xi, 295 pages :
|b illustrations ;
|c 24 cm
|
| 490 |
1 |
|
|a Mathematics in science and engineering ;
|v v. 112
|
| 504 |
|
|
|a Includes bibliographical references.
|
| 526 |
8 |
|
|a CSE
|x Annajiat Alim Rasel
Senior Lecturer
Department of Computer Science and Engineering
BRAC University
Course Name and No. : Advanced Syntactic Pattern Recognition (CSE713)
|
| 541 |
1 |
|
|a Trim Education
|e 44744, 44745, 45088, 45159
|
| 650 |
|
0 |
|a Pattern perception.
|9 59278
|
| 650 |
|
0 |
|a Mathematical linguistics.
|9 59281
|
| 650 |
|
0 |
|a Computer science.
|
| 830 |
|
|
|a Mathematics in science and engineering ;
|v v. 112.
|9 59280
|
| 852 |
1 |
|
|a Ayesha Abed Library
|c General Stacks
|
| 942 |
|
|
|2 ddc
|c BK
|
| 999 |
|
|
|c 47427
|d 47427
|
| 952 |
|
|
|0 0
|1 0
|2 ddc
|4 0
|6 001_534000000000000_FUK
|7 0
|9 78065
|a BRACUL
|b BRACUL
|c GEN
|d 2025-09-02
|e Trim Education
|g 20000.00
|l 0
|o 001.534 FUK
|p 3010044745
|r 2025-09-02
|t 2
|v 40000.00
|w 2025-09-02
|y BK
|x Requisitioned by Annajiat Alim Rasel (Senior Lecturer, Department of Computer Science and Engineering) for the course named- 'Advanced Syntactic Pattern Recognition (CSE713)'.
|
| 952 |
|
|
|0 0
|1 0
|2 ddc
|4 0
|6 001_534000000000000_FUK
|7 0
|9 78066
|a BRACUL
|b BRACUL
|c NEW
|d 2025-09-02
|e Trim Education
|g 20000.00
|l 1
|m 1
|o 001.534 FUK
|p 3010044744
|q 2026-06-02
|r 2026-05-13
|s 2026-05-13
|t 1
|v 40000.00
|w 2025-09-02
|y BK
|x Requisitioned by Annajiat Alim Rasel (Senior Lecturer, Department of Computer Science and Engineering) for the course named- 'Advanced Syntactic Pattern Recognition (CSE713)'.
|
| 952 |
|
|
|0 0
|1 0
|2 ddc
|4 0
|6 001_534000000000000_FUK
|7 0
|9 78502
|a BRACUL
|b BRACUL
|c GEN
|d 2025-11-04
|e Trim Education
|g 20000.00
|l 0
|o 001.534 FUK
|p 3010045088
|r 2025-11-04
|t 3
|v 40000.00
|w 2025-11-04
|y BK
|x Requisitioned by Annajiat Alim Rasel (Senior Lecturer, Department of Computer Science and Engineering) for the course named- 'Advanced Syntactic Pattern Recognition (CSE713)'.
|
| 952 |
|
|
|0 0
|1 0
|2 ddc
|4 0
|6 001_534000000000000_FUK
|7 0
|9 78573
|a BRACUL
|b BRACUL
|c GEN
|d 2025-12-01
|e Trim Education
|g 20000.00
|l 0
|o 001.534 FUK
|p 3010045159
|r 2025-12-01
|t 4
|v 40000.00
|w 2025-12-01
|y BK
|x Requisitioned by Annajiat Alim Rasel (Senior Lecturer, Department of Computer Science and Engineering) for the course named- 'Advanced Syntactic Pattern Recognition (CSE713)'.
|